McGraw-Hill concise encyclopedia of science & technology / (Record no. 61415)

000 -LEADER
fixed length control field 00992cam a2200277 a 4500
001 - CONTROL NUMBER
control field 1407518
003 - CONTROL NUMBER IDENTIFIER
control field NUST-PNEC
005 - DATE AND TIME OF LATEST TRANSACTION
control field 20170116180721.0
008 - FIXED-LENGTH DATA ELEMENTS--GENERAL INFORMATION
fixed length control field 831214s1984 nyua be 001 0 eng
010 ## - LIBRARY OF CONGRESS CONTROL NUMBER
LC control number 83026794
020 ## - INTERNATIONAL STANDARD BOOK NUMBER
International Standard Book Number 0070454825
040 ## - CATALOGING SOURCE
Transcribing agency PNEC
050 00 - LIBRARY OF CONGRESS CALL NUMBER
Classification number Q121
Item number .M29 1984
082 00 - DEWEY DECIMAL CLASSIFICATION NUMBER
Classification number 503.2103 PAR
100 ## - MAIN ENTRY--PERSONAL NAME
9 (RLIN) 836
Personal name Parker, Sybil P.
245 00 - TITLE STATEMENT
Title McGraw-Hill concise encyclopedia of science & technology /
Statement of responsibility, etc. Sybil P. Parker, editor in chief.
260 ## - PUBLICATION, DISTRIBUTION, ETC.
Place of publication, distribution, etc. New York :
Name of publisher, distributor, etc. McGraw-Hill,
Date of publication, distribution, etc. c1984.
300 ## - PHYSICAL DESCRIPTION
Extent lxxiv, 2065 p. :
Other physical details ill. ;
Dimensions 29 cm.
500 ## - GENERAL NOTE
General note Includes index. http://www.amazon.com/Mcgraw-Hill-Concise-Encyclopedia-Science/dp/B001K00NAG/ref=sr_1_2?s=books&ie=UTF8&qid=1414391622&sr=1-2&keywords=0070454825
504 ## - BIBLIOGRAPHY, ETC. NOTE
Bibliography, etc. note Bibliography: p. [1917]-1939.
650 #0 - SUBJECT ADDED ENTRY--TOPICAL TERM
Topical term or geographic name entry element Science
General subdivision Encyclopedias.
-- General
650 #0 - SUBJECT ADDED ENTRY--TOPICAL TERM
Topical term or geographic name entry element Technology
General subdivision Encyclopedias.
700 1# - ADDED ENTRY--PERSONAL NAME
Personal name Parker, Sybil P.
906 ## - LOCAL DATA ELEMENT F, LDF (RLIN)
a 7
b cbc
c orignew
d 1
e ocip
f 19
g y-gencatlg
942 ## - ADDED ENTRY ELEMENTS (KOHA)
Source of classification or shelving scheme
Koha item type Book
Holdings
Withdrawn status Lost status Source of classification or shelving scheme Damaged status Not for loan Permanent Location Current Location Shelving location Date acquired Source of acquisition Cost, normal purchase price Total Checkouts Full call number Barcode Date last seen Cost, replacement price Price effective from Koha item type
          Pakistan Navy Engineering College (PNEC) Pakistan Navy Engineering College (PNEC) Reference 08/25/1986 Habib & Sons 2146.10   503.2103 PAR PNECLIB-010285 10/27/2014 2146.10 08/25/1986 Book
© 2023 Central Library, National University of Sciences and Technology. All Rights Reserved.